000 00692nam a22002537a 4500
001 26988
003 UA-OsUOA
005 20230115134905.0
007 ta
008 20040614b un ||||| |||| 00| 0 ukr d
020 _a5-7707-2101-4
040 _aUA-OsUOA
_brus
_cUA-OsUOA
_dUA-OsUOA
041 _arus
044 _aUA
080 _a658
090 _a658
_bТ23
100 _aТатеиси К.
245 _aВечный дух предпринимательства: практическая философия бизнесмена
260 _aКиев
_bУКРЗАКОРДОНВИЗАСЕРВИС
_c1992
300 _a204 с.
650 7 _2UDC
942 _cBK
_2udc
955 _a0
999 _c313325
_d313325